000 00290nam a22001337a 4500
008 181105b xxu||||| |||| 00| 0 eng d
020 _a9780299155940
041 _aeng
080 _a316
100 _a50
101 _aSOC
245 _aWelfare in America
_cEpstein, W.M
942 _2udc
_cBK
999 _c51909
_d51909